| 000 | 00745 a2200241 4500 | ||
|---|---|---|---|
| 001 | 118572 | ||
| 020 | _a9781509862726 | ||
| 041 | _apor | ||
| 082 | _a[E] | ||
| 090 | _aSK [E] DON | ||
| 092 | _a98033893 | ||
| 100 | _aDonaldson, Julia. | ||
| 520 | _aJoin a very special rabbit in his quest to find someone to listen to his poetry in this rhyming adventure, with a redesigned cover. | ||
| 697 | _aAnimals - Poetry. | ||
| 697 | _aStories in rhyme. | ||
| 856 | _u000031/00003133.jpg | ||
| 040 |
_aBR-BrIDEA _cBR-BrIDEA |
||
| 245 | 1 | 0 |
_aThe rhyming rabbit _cJulia Donaldson ; Illustrated by Lydia Monks |
| 260 |
_aLondon _bScholastic _c2011 |
||
| 300 |
_a1 v.(unpagged) _bcol. ill. |
||
| 700 |
_aMonks, Lydia _eilustrador |
||
| 942 | _cBK | ||
| 999 |
_c118572 _d118572 |
||